[Event "GER-chT U20"]
[Site "Chemnitz"]
[Date "2009.12.30"]
[Round "7.4"]
[White "Bracker, Arne"]
[Black "Recker, Bastain"]
[Result "1-0"]
[WhiteElo "2219"]
[BlackElo "1875"]
[PlyCount "77"]
[EventDate "2009.12.27"]
[EventType "team-swiss"]
[EventRounds "7"]
[EventCountry "GER"]
[SourceTitle "EXT 2022"]
[Source "ChessBase"]
[SourceDate "2021.10.06"]
[SourceVersion "1"]
[SourceVersionDate "2021.10.06"]
[SourceQuality "1"]
[WhiteTeam "Hamburger SK U20"]
[BlackTeam "Brackweda U20"]
[WhiteTeamCountry "GER"]
[BlackTeamCountry "GER"]

1. d4 d5 2. c4 e6 3. Nf3 c6 4. e3 Nf6 5. b3 Be7 6. Bb2 0-0 7. Bd3 Nbd7 8. Nc3 Re8 9. 0-0 b6 10. Qc2 h6 11. Ne5 Nxe5 12. dxe5 Nd7 13. f4 f5 14. exf6 Bxf6 15. Rad1 Qe7 16. e4 d4 17. e5 dxc3 18. exf6 Qc5+ 19. Kh1 Nxf6 20. Bxc3 Qe7 21. Bg6 Rf8 22. Be5 Ne8 23. Bxe8 Qxe8 24. Rf3 a6 25. c5 b5 26. Bd6 Rf5 27. Be5 Ra7 28. Re3 Rd7 29. Rxd7 Bxd7 30. Qd2 Rf7 31. Qa5 Qc8 32. h3 Kh7 33. Kh2 Rf5 34. Qd2 Rf7 35. Qc2+ Kg8 36. Rd3 Be8 37. Rg3 Qd8 38. Qg6 Kf8 39. Bxg7+ 1-0